000
00323nam a2200121Ia 4500
008
231129s1996||||xx |||||||||||||| ||spa||
020
_a
958-30-0326-3
082
_a
(i)863.3 D218r
245
0
_a
Rubén Darío
260
_c
1996
264
_a
Bogotá : Panamericana
942
_2
ddc
_c
BKS
999
_c
24202
_d
24202